El Delicte ecològic : marc legal / marc legal /
Descripción Física:
52, [7] f. ; 29 cm
Idioma:
Catalán
MARC
| LEADER | 00000nam a2200000Ia 4500 | ||
|---|---|---|---|
| 001 | 23617 | ||
| 003 | Arxiu | ||
| 005 | 20260324180555.0 | ||
| 008 | 160829s1993 spc xx s cat c | ||
| 080 | |a C-3-419 | ||
| 100 | 1 | |a Gelide Ventura, Jordi |9 49034 | |
| 245 | 1 | 3 | |a El Delicte ecològic : |b marc legal / |c Jordi Gelide i Ventura |
| 260 | |a Barcelona : |b Diputació de Barcelona. Servei del Medi Ambient, |c 1993 | ||
| 300 | |a 52, [7] f. ; |c 29 cm | ||
| 490 | 1 | |a Documents de medi ambient | |
| 590 | |a A la portada: Núm. 011; àmbit: recursos naturals, medi atmosfèric, medi acuàtic. | ||
| 650 | |a Delictes ecològics |x Dret i legislació |9 49035 | ||
| 650 | 0 | |a Dret ambiental |x Legislació |9 49036 | |
| 710 | 1 | |a Barcelona (Catalunya : Província). |b Servei de Medi Ambient |9 53475 | |
| 830 | 0 | |9 56143 |a Documents de medi ambient (Barcelona (Catalunya : Província). Diputació) | |
| 901 | |a Arxiu | ||
| 942 | |n 1 |2 udc |c ARXIU | ||
| 952 | |0 0 |1 0 |4 0 |6 C3419 |7 1 |9 55048 |a Arxiu |b Arxiu |d 2012-08-31 |l 0 |o C-3-419 |p 23617 |r 2016-12-01 00:00:00 |w 2016-12-01 |y ARXIU | ||
| 999 | |c 58918 |d 58918 | ||